Színházi misszióról, Magyar Passióról Habodász Istvánnal

Bibliographic Details
Other Authors: Nagy-Miskó, Ildikó, 1965- (Interviewer)
Format: Article
Language:Hungarian
PhysicalDescription:Fotografie
ISSN:2585-9129
Subjects:

MARC

LEADER 00000nab a2200000 4500
001 vtls012131562
003 SK-MaSNL
005 20260318122222.0
008 220420|2022 xo |||| || ||00 0|hun
015 |a SNBRB2022/04 
040 |a DSZK  |b slo  |d DSZK  |e rda 
041 |a hun 
043 |a e-xo--- 
044 |a xo  |c SK 
072 7 |a 791  |x Film. Cirkus. Ľudová zábava  |2 konspekta 
072 7 |a 792  |x Divadlo. Divadelné predstavenia  |2 konspekt 
080 |a 791.43  |2 2011 
080 |a 792.07  |2 2011 
100 1 |a Nagy-Miskó, Ildikó,  |d 1965-  |4 ivr  |9 890544 
245 1 0 |a Színházi misszióról, Magyar Passióról Habodász Istvánnal  |c Nagy-Miskó Ildikó 
300 |b Fotografie 
336 |a text  |b txt  |2 rdacontent 
337 |a bez média  |b n  |2 rdamedia 
338 |a zväzok  |b nc  |2 rdacarrier 
600 1 7 |a Habodász, István,  |d 1992-  |2 dszk  |9 1565802 
600 1 7 |a Eperjes, Károly,  |d 1954-  |2 dszk  |9 859487 
610 2 7 |a Déryné program  |2 dszk  |9 1568784 
630 0 7 |a Magyar Passió (film)  |2 dszk  |9 1565803 
650 0 7 |a divadelní herci  |2 SNKPH  |9 3347 
650 0 7 |a divadelné predstavenia  |2 SNKPH  |9 3328 
650 0 7 |a totalitné režimy  |2 SNKPH  |9 4698 
650 0 7 |a prenasledovanie cirkvi  |2 dszk  |9 1565804 
650 0 7 |a film  |2 SNKPH  |9 1425 
651 7 |a Budapešť (Maďarsko)  |2 SNKPHgeo  |9 17734 
651 7 |a Komárno (Slovensko)  |2 SNKPHgeo  |9 39168 
700 1 |a Habodász, István,  |d 1992-  |4 ive  |9 1565802 
773 0 |t Magyar7  |g Évf. V, sz. 15 (2022), o. 42-43  |x 2585-9129 
958 |a SK 
958 |a HU 
958 |a RG 
999 |c 3198022  |d 3199952